000 00867cam a2200217 4500
001 WB3928-14
008 030724n2003 000 0 eng u
035 _a(Sirsi) u123118
245 _aPPG3 consultations
260 _c2003
490 _aRICS Westminster News
_v 21 July 2003, 2(1)
520 _aGovernment has launched two consultations looking at how revisions to PPG3 can help provide timely housing. The consultation aims to ensure that brownfield sites do not stand idle. View the PPG3 consultation at http://www.odpm.gov.uk/stellent/groups/odpm_planning/documents/sectionhomepage/odpm_planning_page.hcsp.
590 _aWB
650 _aPPG3
650 _aCONSULTATION PAPERS
650 _aBROWNFIELD SITES
650 _aNEW HOUSING
650 _aDEVELOPMENT
690 _aENVIRONMENTAL AND LAND CONSULTANCY-PLANNING AND DEVELOPMENT
942 _n0
999 _c73107
_d73107